Catálogo

EMIGRANTES DEL OESTE (Registro nro. 57790)

Detalles MARC
000 -LEADER
fixed length control field 00919nam a2200217 a 4500
001 - CONTROL NUMBER
control field 57790
005 - DATE AND TIME OF LATEST TRANSACTION
control field 20180714054127.0
008 - FIXED-LENGTH DATA ELEMENTS--GENERAL INFORMATION
fixed length control field 140415s1990 mx 000 0 spa d
020 ## - INTERNATIONAL STANDARD BOOK NUMBER
International Standard Book Number 9682927382
041 ## - LANGUAGE CODE
Language code of text/sound track or separate title spa
082 ## - DEWEY DECIMAL CLASSIFICATION NUMBER
Classification number 325.2720973
Item number URI
100 1# - MAIN ENTRY--PERSONAL NAME
Personal name URIBE SALAS, JOSE ALFREDO
245 10 - TITLE STATEMENT
Title EMIGRANTES DEL OESTE
250 ## - EDITION STATEMENT
Edition statement 1a ed.
260 ## - PUBLICATION, DISTRIBUTION, ETC.
Place of publication, distribution, etc. MEXICO :
Name of publisher, distributor, etc. CONSEJO NACIONAL PARA LA CULTURA Y LAS ARTES,
Date of publication, distribution, etc. 1990
300 ## - PHYSICAL DESCRIPTION
Extent 374
Dimensions 18.5 x 1 x 21
490 ## - SERIES STATEMENT
Series statement REGIONES
520 ## - SUMMARY, ETC.
Summary, etc. LOS EMIGRANTES DEL OESTE MEXICANO NOS SON FAMILIARES DESDE HACE MAS DE CIEN AÑOS . FORMAN ESTA OBRA ENSAYOS HISTORICOS Y UNA TREINTENA DE DOCUMENTOS DE DIVERSA PROCEDENCIA QUE, EN CONJUNTO, OFRECEN UN TESTIMONIO CONTEMPORANEO DE ESA MIGRACION, NO AYUNA DE SACRIFICIOS Y PENARES.
650 14 - SUBJECT ADDED ENTRY--TOPICAL TERM
Topical term or geographic name entry element EMPLEOS
General subdivision ESTADOS UNIDOS
-- ESTADOS UNIDOS
-- EMIGRACION
-- INMIGRACION
700 1# - ADDED ENTRY--PERSONAL NAME
Personal name OCHOA SERRANO, ALVARO
Relator term coaut.
Existencias
Withdrawn status Lost status Source of classification or shelving scheme Damaged status Not for loan Collection code Home library Current library Shelving location Date acquired Source of acquisition Inventory number Total Checkouts Full call number Barcode Date last seen Date last checked out Price effective from Koha item type
    Dewey Decimal Classification     General Biblioteca Karol Wojtyla Biblioteca Karol Wojtyla Sala general 03/12/2013 Compra 151000000000000000055036   325.2720973 URI 87273 05/01/2026 15/09/2015 03/12/2013 Libro